000 00482nam a2200169 4500
003 OSt
005 20221116170109.0
008 221111b |||||||| |||| 00| 0 eng d
040 _cBiblioteca Lado V
082 _a750
_bC823d
100 _9447
_aCorral, Maria
_ecuradora
245 _aDaniel Salle/
260 _c1998
_aFundación Caja de Pensiones
_bEspaña
300 _a130p.
_c24x30cm
700 _aSalas, Carlos
_eautor
942 _2ddc
_c1
_h750
_iC823d
_n0
999 _c2665
_d2665